| 000 | 00584nam a22001697a 4500 | ||
|---|---|---|---|
| 003 | MACL | ||
| 005 | 20151010163446.0 | ||
| 008 | 151010b xxu||||| |||| 00| 0 eng d | ||
| 040 | _cMACL | ||
| 041 | _aHindi | ||
| 082 | _a741.642 | ||
| 100 |
_4198/2 _aशर्मा,क्षमा _914357 |
||
| 245 | _aपप्पू चला ढूँढने शेर/एक था टुंटूनिया | ||
| 260 |
_aनई दिल्ली _bवैभवशाली प्रकाशन _c2004 |
||
| 650 |
_aचिल्ड्रन बुक्स _9343 |
||
| 942 |
_2ddc _cHIN |
||
| 999 |
_c50365 _d50365 |
||